The love letters
Guardado en:
| Hovedforfatter: | |
|---|---|
| Format: | Bog |
| Sprog: | Undetermined |
| Udgivet: |
New York, Estados Unidos
Viking Press
1958
|
| Fag: | |
| Tags: |
Tilføj Tag
Ingen Tags, Vær først til at tagge denne postø!
|
MARC
| LEADER | 00000nam a2200000Ia 4500 | ||
|---|---|---|---|
| 008 | 170316s9999 xx 000 0 und d | ||
| 999 | |c 5903 |d 5903 | ||
| 040 | |a cru BVZT | ||
| 090 | |a 810 M-28L | ||
| 100 | |a McGinley, Phyllis | ||
| 245 | 4 | |a The love letters | |
| 260 | |a New York, Estados Unidos | ||
| 260 | |b Viking Press | ||
| 260 | |c 1958 | ||
| 300 | |a 116 páginas | ||
| 650 | |a LITERATURA ESTADOUNIDENSE |9 25 | ||
| 942 | |c LIB |h 810 M-28L |2 z | ||
